[Event "4NCL Division 2b"]
[Site "Barcelo Hotel, Hinkley Island "]
[Date "2012.03.31"]
[Round "7.44"]
[White "Dishman, Stephen"]
[Black "James, David J"]
[Result "1/2-1/2"]
[WhiteElo "2333"]
[BlackElo "2133"]
[PlyCount "113"]
[EventDate "2012.03.31"]

1. d4 Nf6 2. Bg5 e6 3. Nd2 h6 4. Bh4 c5 5. e3 cxd4 6. exd4 Be7 7. Ngf3 b6 8.
Bd3 Bb7 9. O-O O-O 10. Re1 d6 11. Bxf6 Bxf6 12. Ne4 Be7 13. c3 Nd7 14. Bc2 Nf6
15. Nxf6+ Bxf6 16. Qd3 g6 17. Rxe6 Bxf3 18. gxf3 Re8 19. Rxe8+ Qxe8 20. Bb3 Kg7
21. Qe4 Rd8 22. Re1 Qd7 23. Bd5 Rc8 24. a4 Kf8 25. Qg4 Qc7 26. f4 Re8 27. Kf1
Rxe1+ 28. Kxe1 Qe7+ 29. Qe2 Qd7 30. Qc4 Bh4 31. Qc6 Qe7+ 32. Kf1 Kg7 33. Bf3
Qe6 34. Qd5 Qd7 35. Kg2 Be7 36. Bd1 Bf6 37. h3 Qe7 38. f5 Bh4 39. fxg6 fxg6 40.
Qf3 Bg5 41. b4 Bh4 42. Bb3 h5 43. b5 Qg5+ 44. Kh2 Qf6 45. Qxf6+ Kxf6 46. Kg2
Bg5 47. Kf3 Bd2 48. c4 g5 49. Ke4 Ke7 50. h4 g4 51. Bc2 Be1 52. Ke3 g3 53. fxg3
Bxg3 54. Bg6 Bxh4 55. Bxh5 Kd7 56. a5 Be1 57. axb6 1/2-1/2

[Event "4NCL Division 2b"]
[Site "Barcelo Hotel, Hinkley Island "]
[Date "2012.03.31"]
[Round "7.45"]
[White "Morris, Charles F"]
[Black "Farrand, Tom"]
[Result "1/2-1/2"]
[WhiteElo "2158"]
[BlackElo "2212"]
[PlyCount "82"]
[EventDate "2012.03.31"]

1. Nf3 f5 2. c4 Nf6 3. Nc3 d6 4. d4 e6 5. g3 Be7 6. Bg2 O-O 7. O-O a5 8. b3 Ne4
9. Bb2 Bf6 10. Qc2 d5 11. Rac1 Nc6 12. e3 g5 13. Nxe4 fxe4 14. Ne5 Nb4 15. Qb1
Bxe5 16. dxe5 Nd3 17. Rcd1 c6 18. Bc3 b5 19. cxb5 cxb5 20. f3 b4 21. Bd4 Bb7
22. fxe4 Rxf1+ 23. Rxf1 dxe4 24. Qd1 Qe7 25. Qg4 Rc8 26. Rf6 Rc1+ 27. Bf1 Ne1
28. Qxg5+ Kh8 29. Qh6 Nf3+ 30. Kf2 Rc2+ 31. Be2 Kg8 32. Rxe6 Qd7 33. Rd6 Qe7
34. Bb6 Ba6 35. Rd8+ Qxd8 36. Qe6+ Kg7 37. Bxd8 Rxe2+ 38. Kf1 Re1+ 39. Kf2 Re2+
40. Kf1 Re1+ 41. Kf2 Re2+ 1/2-1/2

[Event "4NCL Division 2b"]
[Site "Barcelo Hotel, Hinkley Island "]
[Date "2012.03.31"]
[Round "7.46"]
[White "Hansen, Hans-Peter"]
[Black "Smith, Jeff R"]
[Result "1-0"]
[WhiteElo "2215"]
[BlackElo "2165"]
[PlyCount "81"]
[EventDate "2012.03.31"]

1. c4 Nf6 2. g3 e6 3. Bg2 d5 4. Nf3 Be7 5. d4 O-O 6. Qc2 b6 7. O-O Bb7 8. cxd5
exd5 9. Nc3 Nbd7 10. Rd1 c5 11. Bf4 a6 12. dxc5 bxc5 13. Qb3 Qb6 14. Qxb6 Nxb6
15. Bc7 Nc4 16. Ne5 Nxe5 17. Bxe5 Rad8 18. Bxf6 Bxf6 19. Nxd5 Bxd5 20. Rxd5
Rxd5 21. Bxd5 Bxb2 22. Rd1 Bf6 23. Bc4 Rd8 24. Rxd8+ Bxd8 25. Bxa6 Kf8 26. Kg2
Ke7 27. Kf3 f5 28. Bc4 Kf6 29. Ke3 g5 30. Kd3 Ke5 31. Bg8 h5 32. Kc4 Kd6 33.
Kb5 Bc7 34. a4 Bb8 35. a5 Kc7 36. a6 Ba7 37. e3 h4 38. gxh4 gxh4 39. h3 Kd6 40.
Bc4 f4 41. exf4 1-0

[Event "4NCL Division 2b"]
[Site "Barcelo Hotel, Hinkley Island "]
[Date "2012.03.31"]
[Round "7.47"]
[White "Jameson, David"]
[Black "Coates, Kenneth G"]
[Result "1/2-1/2"]
[WhiteElo "2076"]
[BlackElo "2194"]
[PlyCount "84"]
[EventDate "2012.03.31"]

1. d4 d5 2. Nf3 Nf6 3. c4 c6 4. e3 e6 5. Nc3 Bd6 6. Qc2 O-O 7. b3 Nbd7 8. Bb2
Re8 9. Bd3 dxc4 10. Bxc4 b5 11. Bd3 Bb7 12. O-O Rc8 13. Rfd1 Qe7 14. Rac1 a6
15. Ng5 h6 16. Nge4 Bb8 17. Qe2 e5 18. dxe5 Bxe5 19. Rc2 c5 20. Rcd2 Bxe4 21.
Nxe4 Bxb2 22. Rxb2 Nxe4 23. Bxe4 Qxe4 24. Rxd7 c4 25. bxc4 Rxc4 26. h3 Rc1+ 27.
Kh2 Rec8 28. Rbd2 Qe5+ 29. f4 Qa1 30. Rd8+ Rxd8 31. Rxd8+ Kh7 32. Ra8 Qf6 33.
Qd3+ g6 34. Qa3 Rc6 35. Qf8 Qg7 36. Qa3 Qf6 37. Qf8 Qg7 38. Qxg7+ Kxg7 39. Kg3
Kf6 40. Kf3 Ke6 41. g4 Kd5 42. Ra7 Ke6 1/2-1/2

[Event "4NCL Division 2b"]
[Site "Barcelo Hotel, Hinkley Island "]
[Date "2012.03.31"]
[Round "7.48"]
[White "Tavares, Shawn P"]
[Black "Bullen, Alex"]
[Result "1-0"]
[WhiteElo "2184"]
[BlackElo "1779"]
[PlyCount "79"]
[EventDate "2012.03.31"]

1. e4 c6 2. c4 d5 3. cxd5 cxd5 4. exd5 Nf6 5. Bb5+ Nbd7 6. Nc3 g6 7. Nf3 Bg7 8.
O-O O-O 9. d4 Nb6 10. Re1 a6 11. Bd3 Nbxd5 12. Ne5 b5 13. a4 b4 14. Nxd5 Nxd5
15. a5 Bb7 16. Bd2 Rb8 17. Bc4 Qd6 18. Qb3 Rfd8 19. Rad1 e6 20. h4 Qc7 21. h5
Qxa5 22. hxg6 hxg6 23. Qh3 Qc7 24. Bd3 Bxe5 25. dxe5 Qe7 26. Re4 Nc3 27. Rh4
Qxh4 28. Qxh4 Rxd3 29. Qxb4 Ne2+ 30. Kh2 Rd4 31. Qe7 Be4 32. Bh6 Kh7 33. Rxd4
Nxd4 34. Be3 Nf5 35. Qxf7+ Kh8 36. Qxe6 Rxb2 37. Qxg6 Nxe3 38. Qxe4 Nf1+ 39.
Kg1 Nd2 40. Qh4+ 1-0

[Event "4NCL Division 2d"]
[Site "Barcelo Hotel, Hinkley Island "]
[Date "2012.04.01"]
[Round "8.11"]
[White "Carleton, John J"]
[Black "Buchicchio, Giampaolo"]
[Result "1/2-1/2"]
[WhiteElo "2293"]
[BlackElo "2300"]
[PlyCount "89"]
[EventDate "2012.04.01"]

1. d4 d5 2. c4 c6 3. Nc3 dxc4 4. e4 b5 5. a4 e5 6. Nf3 exd4 7. Qxd4 Qxd4 8.
Nxd4 b4 9. Nd1 Ba6 10. Be3 Nf6 11. f3 Nfd7 12. Rc1 c5 13. Nb5 Bxb5 14. axb5 Nb6
15. Bxc4 Nxc4 16. Rxc4 Nd7 17. Rc1 Bd6 18. O-O Ke7 19. Bf2 Rhc8 20. Ne3 Be5 21.
Nc4 Bf4 22. Rc2 Rcb8 23. g3 Bc7 24. Ne3 Rxb5 25. Rd1 Nf6 26. Nf5+ Kf8 27. Rxc5
Rb7 28. e5 Ne8 29. Rd7 Rab8 30. f4 g6 31. Nd4 Bb6 32. Rxb7 Rxb7 33. Rd5 Rc7 34.
Kg2 Ng7 35. Kf3 Ke8 36. Nb5 Rc2 37. Bxb6 axb6 38. b3 Nf5 39. h3 Rh2 40. h4 Rb2
41. Rd3 h5 42. Ke4 Rg2 43. Nd6+ Nxd6+ 44. exd6 Kd7 45. f5 1/2-1/2

[Event "4NCL Division 2d"]
[Site "Barcelo Hotel, Hinkley Island "]
[Date "2012.04.01"]
[Round "8.12"]
[White "Sanders, Isaac B"]
[Black "Ivell, Nicholas W"]
[Result "1/2-1/2"]
[WhiteElo "2103"]
[BlackElo "2335"]
[PlyCount "63"]
[EventDate "2012.04.01"]

1. e4 c5 2. Nf3 e6 3. d4 cxd4 4. Nxd4 Nf6 5. Nc3 d6 6. Bd3 Nc6 7. Be3 Be7 8.
O-O O-O 9. Nxc6 bxc6 10. f4 e5 11. f5 d5 12. Bf2 Bb4 13. Qf3 Bb7 14. a3 Bxc3
15. bxc3 dxe4 16. Bxe4 Qe7 17. Bh4 Qc5+ 18. Kh1 Nxe4 19. Qxe4 f6 20. Rf3 Qe7
21. Rh3 c5 22. Qg4 Rad8 23. Bf2 Rd2 24. Qh4 h6 25. Rg1 Rxc2 26. Be3 Rxc3 27.
Rg3 Rxe3 28. Qc4+ Qf7 29. Qxf7+ Rxf7 30. Rxe3 Rd7 31. Rc3 Be4 32. Rxc5 1/2-1/2

[Event "4NCL Division 2d"]
[Site "Barcelo Hotel, Hinkley Island "]
[Date "2012.04.01"]
[Round "8.14"]
[White "Sands, David A"]
[Black "Jackson, Sheila"]
[Result "1/2-1/2"]
[WhiteElo "2239"]
[BlackElo "2162"]
[PlyCount "25"]
[EventDate "2012.04.01"]

1. d4 Nf6 2. c4 e6 3. Nf3 Bb4+ 4. Bd2 a5 5. g3 b6 6. Bg2 Bb7 7. O-O O-O 8. Nc3
d6 9. Qc2 Nbd7 10. Rad1 Re8 11. Rfe1 Bxc3 12. Bxc3 Be4 13. Qc1 1/2-1/2

[Event "4NCL Division 2d"]
[Site "Barcelo Hotel, Hinkley Island "]
[Date "2012.04.01"]
[Round "8.15"]
[White "Ackley, Peter JE"]
[Black "Farrand, Julian T"]
[Result "1/2-1/2"]
[WhiteElo "2047"]
[BlackElo "2121"]
[PlyCount "39"]
[EventDate "2012.04.01"]

1. f4 d6 2. Nf3 Nf6 3. Nc3 Nbd7 4. e4 e5 5. Bc4 h6 6. d4 exd4 7. Qxd4 c6 8. e5
dxe5 9. Nxe5 Nxe5 10. Qxd8+ Kxd8 11. fxe5 Ng4 12. Bf4 g5 13. h3 gxf4 14. O-O-O+
Kc7 15. hxg4 Bxg4 16. Rdf1 Bc5 17. Bxf7 Raf8 18. e6 Be3+ 19. Kb1 Kd6 20. Nd1
1/2-1/2

[Event "4NCL Division 2d"]
[Site "Barcelo Hotel, Hinkley Island "]
[Date "2012.04.01"]
[Round "8.16"]
[White "Sen, Subin"]
[Black "Connor, Stephen J"]
[Result "0-1"]
[WhiteElo "2134"]
[BlackElo "2069"]
[PlyCount "90"]
[EventDate "2012.04.01"]

1. Nf3 Nf6 2. c4 c6 3. d4 d5 4. Qc2 g6 5. Bf4 Bg7 6. e3 Bf5 7. Qb3 Qb6 8. c5
Qxb3 9. axb3 Nbd7 10. h3 O-O 11. Nc3 Ne4 12. Be2 Nxc3 13. bxc3 Nxc5 14. dxc5
Bxc3+ 15. Kd1 Bxa1 16. Nd4 Bxd4 17. exd4 b5 18. g4 Bd7 19. Bd2 a5 20. f4 a4 21.
Kc2 axb3+ 22. Kxb3 Ra4 23. Bc3 Rfa8 24. Bb2 f6 25. Rf1 Kf7 26. h4 h6 27. Rh1
Kg7 28. Rg1 Ra2 29. Rd1 f5 30. g5 hxg5 31. hxg5 R2a4 32. Rh1 Rh8 33. Rxh8 Kxh8
34. Bc3 Kg7 35. Bd1 Kf7 36. Kb2 Ra8 37. Bd2 Rh8 38. Ba5 Rh2+ 39. Bc2 e5 40.
dxe5 Rf2 41. e6+ Bxe6 42. Bc7 d4 43. Kc1 Bc4 44. Be5 d3 45. Bd1 Ke6 0-1

[Event "4NCL Division 2d"]
[Site "Barcelo Hotel, Hinkley Island "]
[Date "2012.04.01"]
[Round "8.17"]
[White "Mort, Andrew J"]
[Black "Brett, Andrew R"]
[Result "0-1"]
[WhiteElo "2017"]
[BlackElo "2087"]
[PlyCount "64"]
[EventDate "2012.04.01"]

1. c4 g6 2. g3 Bg7 3. Bg2 c5 4. Nc3 Nc6 5. a3 b6 6. Nf3 Bb7 7. O-O Nd4 8. e4 e5
9. d3 Ne7 10. Nxd4 cxd4 11. Nd5 Nxd5 12. exd5 O-O 13. f4 d6 14. Bd2 a5 15. Qa4
Re8 16. Rae1 Bc8 17. b4 Bf5 18. Qb3 Qd7 19. Rf2 axb4 20. axb4 exf4 21. Rxe8+
Rxe8 22. Rxf4 Bh6 23. Rf2 Bxd2 24. Rxd2 Re1+ 25. Kf2 Qe7 26. Be4 Re3 27. Bxf5
gxf5 28. c5 f4 29. Qd1 fxg3+ 30. hxg3 Qg5 31. Qg1 Qf5+ 32. Kg2 Qxd5+ 0-1

[Event "4NCL Division 2d"]
[Site "Barcelo Hotel, Hinkley Island "]
[Date "2012.04.01"]
[Round "8.18"]
[White "Stewart, Ashley"]
[Black "Robertson, David J"]
[Result "0-1"]
[WhiteElo "2011"]
[BlackElo "1918"]
[PlyCount "82"]
[EventDate "2012.04.01"]

1. d4 d5 2. c4 e6 3. Nf3 c6 4. e3 Nf6 5. b3 Bd6 6. Bb2 Nbd7 7. Bd3 O-O 8. O-O
Qe7 9. Ne5 Rd8 10. Nd2 Bc7 11. f4 Nf8 12. Qf3 Ne8 13. Qg3 f6 14. Nef3 Bd7 15.
a4 b6 16. Rae1 f5 17. Ne5 Nf6 18. Qh3 Be8 19. Ra1 Rac8 20. Ba3 Bd6 21. Bxd6
Qxd6 22. g4 Ne4 23. Ndf3 g6 24. a5 Qe7 25. Ra2 Rb8 26. Rfa1 Rdc8 27. axb6 axb6
28. Bxe4 dxe4 29. Ng5 Rc7 30. Qg3 Rbb7 31. Qe1 Ra7 32. Qc3 Rxa2 33. Rxa2 Ra7
34. Rd2 h6 35. Nh3 Qh4 36. Nf2 g5 37. Kg2 gxf4 38. exf4 Rg7 39. h3 h5 40. g5
Qxf4 41. Re2 Qxg5+ 0-1

[Event "4NCL Division 2d"]
[Site "Barcelo Hotel, Hinkley Island "]
[Date "2012.04.01"]
[Round "8.22"]
[White "Pickard, Charles"]
[Black "Walton, Alan J"]
[Result "1/2-1/2"]
[WhiteElo "2125"]
[BlackElo "2159"]
[PlyCount "68"]
[EventDate "2012.04.01"]

1. c4 f5 2. g3 Nf6 3. Bg2 d6 4. d4 e6 5. Nc3 Be7 6. f4 O-O 7. Nf3 Ne4 8. Qc2
Nxc3 9. bxc3 Nc6 10. O-O Na5 11. Nd2 Rb8 12. e4 b6 13. exf5 exf5 14. Nb3 Be6
15. d5 Bd7 16. Nxa5 bxa5 17. Be3 a6 18. Rab1 Bf6 19. c5 Qe7 20. Rbe1 dxc5 21.
Bd4 Bxd4+ 22. cxd4 Qf6 23. Qxc5 Bb5 24. Re6 Qd8 25. Rfe1 Rb6 26. Re7 Rf7 27.
Rxf7 Kxf7 28. Rc1 Bd7 29. Qxa5 Qe7 30. Qc3 Rb4 31. Qxc7 Rxd4 32. Qe5 Rd2 33.
Bf1 Kf8 34. Qxe7+ Kxe7 1/2-1/2

[Event "4NCL Division 2d"]
[Site "Barcelo Hotel, Hinkley Island "]
[Date "2012.04.01"]
[Round "8.23"]
[White "Jaunooby, Ali Reza"]
[Black "Spencer, Carl J"]
[Result "0-1"]
[WhiteElo "2189"]
[BlackElo "2171"]
[PlyCount "134"]
[EventDate "2012.04.01"]

1. d4 e6 2. c4 Nf6 3. Nc3 Bb4 4. Bg5 c5 5. d5 Bxc3+ 6. bxc3 d6 7. Nf3 h6 8. Bh4
g5 9. Bg3 Ne4 10. Nd2 Nxg3 11. hxg3 e5 12. Qc2 Nd7 13. e3 Nf6 14. Bd3 Ng4 15.
Bf5 Bxf5 16. Qxf5 Qd7 17. Qd3 f5 18. f3 e4 19. fxe4 Ne5 20. Qf1 fxe4 21. Nxe4
O-O-O 22. Nf6 Qe7 23. Qf5+ Nd7 24. O-O Qxe3+ 25. Kh2 Rhf8 26. Qh3 Kc7 27. Rae1
Qxc3 28. Ne4 Qg7 29. Qe6 Nb6 30. Rf6 Rxf6 31. Nxf6 Qf8 32. Re4 Nc8 33. Ng4 Rd7
34. Qg6 Re7 35. Re6 Rxe6 36. dxe6 Ne7 37. Qf7 Qxf7 38. exf7 Ng6 39. Nxh6 d5 40.
cxd5 c4 41. Nf5 g4 42. d6+ Kd7 43. Ne3 b5 44. Nxg4 Kxd6 45. Ne3 Ke5 46. Kg1 Ke4
47. Kf2 Kd3 48. Nd5 Kd2 49. Nf4 Nf8 50. Kf3 b4 51. Ke4 c3 52. Kd4 c2 53. Nd3 a5
54. g4 a4 55. g5 b3 56. axb3 axb3 57. Ne5 c1=Q 58. g6 Qc3+ 59. Kd5 Qxe5+ 60.
Kxe5 Nxg6+ 61. Kf6 Nf8 62. Kg7 Nd7 63. g4 b2 64. g5 b1=Q 65. g6 Qf5 66. Kh8
Qxg6 67. f8=Q Qh5+ 0-1

[Event "4NCL Division 2d"]
[Site "Barcelo Hotel, Hinkley Island "]
[Date "2012.04.01"]
[Round "8.25"]
[White "Burton, Graham P"]
[Black "Chan, Nevil"]
[Result "1/2-1/2"]
[WhiteElo "2055"]
[BlackElo "2117"]
[PlyCount "78"]
[EventDate "2012.04.01"]

1. e4 Nc6 2. Nf3 Nf6 3. e5 Ng4 4. d4 d6 5. h3 Nh6 6. Bb5 a6 7. Bxc6+ bxc6 8.
O-O e6 9. c4 Nf5 10. Bg5 Qd7 11. Nc3 h6 12. Bf4 Ne7 13. exd6 cxd6 14. Re1 Ng6
15. Bg3 Be7 16. Qc2 O-O 17. Rad1 Rd8 18. c5 d5 19. Na4 Ra7 20. Nb6 Qe8 21. Ne5
Nxe5 22. Bxe5 Bf8 23. Qd2 f6 24. Bg3 Qf7 25. b4 Re7 26. a4 Ree8 27. Qd3 Bb7 28.
a5 g6 29. Re3 Bg7 30. Rde1 f5 31. Be5 Bxe5 32. Rxe5 Re7 33. Qe3 f4 34. Qf3 Rf8
35. Qg4 Rfe8 36. h4 Kh7 37. Kh2 Qf6 38. Na4 Bc8 39. Nb6 Bb7 1/2-1/2

[Event "4NCL Division 2d"]
[Site "Barcelo Hotel, Hinkley Island "]
[Date "2012.04.01"]
[Round "8.27"]
[White "Horton, Jamie A"]
[Black "Lee, Richard WY"]
[Result "0-1"]
[WhiteElo "1999"]
[BlackElo "2031"]
[PlyCount "118"]
[EventDate "2012.04.01"]
[WhiteTeam "3Cs 1"]
[BlackTeam "Cambridge University 2"]

1. e4 e6 2. d4 d5 3. Nc3 Nf6 4. Bg5 Be7 5. e5 Nfd7 6. Bxe7 Qxe7 7. f4 a6 8. Nf3
c5 9. dxc5 Nc6 10. Bd3 Qxc5 11. Qd2 b5 12. O-O-O Nb6 13. g4 b4 14. Ne2 a5 15.
Ned4 Ba6 16. Nxc6 Bxd3 17. Qxd3 Qxc6 18. Nd4 Qc4 19. Qxc4 Nxc4 20. Rd3 Ke7 21.
b3 Nb6 22. c3 Rhc8 23. Kb2 bxc3+ 24. Rxc3 Rxc3 25. Kxc3 a4 26. Kb4 axb3 27.
axb3 Ra2 28. Kb5 Nc8 29. Rc1 Kd7 30. Rc2 Ra1 31. Rf2 Re1 32. Rf3 f6 33. exf6
gxf6 34. Kc5 Rc1+ 35. Kb5 Nd6+ 36. Kb4 e5 37. fxe5 fxe5 38. Ne2 Rc2 39. Re3 e4
40. h3 Nf7 41. Ng3 Kd6 42. Nxe4+ dxe4 43. Rxe4 Ng5 44. Rf4 Nxh3 45. Rf6+ Ke7
46. Rh6 Ng5 47. Kb5 Rg2 48. Rh4 Kf6 49. b4 Kg6 50. Ka6 Nf3 51. Rh3 Nd4 52. b5
Ra2+ 53. Kb6 Rb2 54. Rh5 Rxb5+ 55. Rxb5 Nxb5 56. Kxb5 Kg5 57. Kc4 Kxg4 58. Kd3
Kf3 59. Kd2 Kf2 0-1

[Event "4NCL Division 2d"]
[Site "Barcelo Hotel, Hinkley Island "]
[Date "2012.04.01"]
[Round "8.32"]
[White "Williams, Winston"]
[Black "Richmond, Peter A"]
[Result "0-1"]
[WhiteElo "2181"]
[BlackElo "2228"]
[PlyCount "42"]
[EventDate "2012.04.01"]

1. c3 f5 2. f4 e5 3. fxe5 d6 4. Nf3 dxe5 5. Nxe5 Bd6 6. Qa4+ Nd7 7. d4 Ngf6 8.
Nd2 c6 9. Ndf3 Qe7 10. Bf4 Ne4 11. h4 Nxe5 12. Nxe5 O-O 13. e3 Bxe5 14. dxe5
Be6 15. Rd1 Rfd8 16. Rd4 b5 17. Qa5 c5 18. Rxe4 fxe4 19. Bg5 Qd7 20. Bxd8 Rxd8
21. Be2 Qd2+ 0-1

[Event "4NCL Division 2d"]
[Site "Barcelo Hotel, Hinkley Island "]
[Date "2012.04.01"]
[Round "8.34"]
[White "Hackner, Oskar A"]
[Black "Headlong, Timothy"]
[Result "1/2-1/2"]
[WhiteElo "1987"]
[BlackElo "2179"]
[PlyCount "135"]
[EventDate "2012.04.01"]

1. d4 d5 2. c4 e6 3. Nc3 c5 4. cxd5 exd5 5. Nf3 Nc6 6. g3 Nf6 7. Bg2 Be7 8. O-O
O-O 9. Bg5 cxd4 10. Nxd4 h6 11. Be3 Re8 12. Rc1 Bf8 13. Nxc6 bxc6 14. Na4 Bd7
15. Bc5 Bxc5 16. Nxc5 Bg4 17. Re1 Qa5 18. h3 Bf5 19. Qa4 Qd2 20. Qf4 Qxf4 21.
gxf4 Rab8 22. b3 g5 23. fxg5 hxg5 24. Rc3 Kg7 25. Kf1 Rb4 26. Rec1 Rh4 27. Nb7
Reh8 28. Rg3 g4 29. Rxc6 Nh5 30. Nd6 Bd7 31. Rc7 Nxg3+ 32. fxg3 R4h6 33. Rxd7
Rf6+ 34. Ke1 gxh3 35. Bxd5 h2 36. Kd2 Rh5 37. Bb7 Rf1 38. g4 Rh8 39. Nf5+ Kf6
40. Rd6+ Ke5 41. Rd7 Ke6 42. Re7+ Kf6 43. g5+ Kxg5 44. Ng3 Rg1 45. Ne4+ Kg6 46.
Nf2 Ra1 47. a4 a5 48. Re5 Rb8 49. Rb5 Rxb7 50. Rxb7 Rf1 51. Rb6+ f6 52. Rxf6+
Kxf6 53. Ng4+ Ke6 54. Nxh2 Rb1 55. Nf3 Kd5 56. Kc3 Rc1+ 57. Kd3 Kc5 58. Kd2 Rb1
59. Kc2 Rh1 60. Ne5 Rh2 61. Nd3+ Kd4 62. Kd2 Rg2 63. Ne1 Rg8 64. Nc2+ Kc5 65.
Kd3 Rg3+ 66. e3 Rh3 67. Ke4 Rh2 68. Nd4 1/2-1/2

[Event "4NCL Division 2d"]
[Site "Barcelo Hotel, Hinkley Island "]
[Date "2012.04.01"]
[Round "8.35"]
[White "Richmond, Jane"]
[Black "Bak, Andrew"]
[Result "1/2-1/2"]
[WhiteElo "2074"]
[BlackElo "2027"]
[PlyCount "71"]
[EventDate "2012.04.01"]

1. e4 e5 2. Nf3 Nc6 3. Bb5 f5 4. d3 fxe4 5. dxe4 Nf6 6. O-O Bc5 7. Nc3 d6 8.
Bg5 O-O 9. Nd5 Be6 10. c3 Bxd5 11. Bxf6 Qxf6 12. Qxd5+ Rf7 13. Bc4 Raf8 14. Qd2
Kh8 15. Bxf7 Qxf7 16. Qe2 Nd8 17. Nh4 Ne6 18. g3 Qf6 19. Qg4 g6 20. Rad1 Rg8
21. Rd3 Ng5 22. Nf3 Ne6 23. Nd2 h5 24. Qf3 Qe7 25. b4 Ng5 26. Qg2 Bb6 27. Nc4
Qe6 28. Nxb6 axb6 29. h4 Qc4 30. Re3 Nf7 31. f4 exf4 32. gxf4 Nh6 33. Qg5 Ng4
34. Rg3 Kh7 35. e5 Qe2 36. Rg2 1/2-1/2

[Event "4NCL Division 2d"]
[Site "Barcelo Hotel, Hinkley Island "]
[Date "2012.04.01"]
[Round "8.36"]
[White "Nicholson, Jim WR"]
[Black "Bourne, Johnathan D"]
[Result "1-0"]
[WhiteElo "1990"]
[BlackElo "2081"]
[PlyCount "85"]
[EventDate "2012.04.01"]

1. d4 Nf6 2. Nf3 g6 3. Bg5 Bg7 4. Nbd2 c5 5. c3 cxd4 6. cxd4 d5 7. e3 O-O 8.
Bd3 Nc6 9. Qb3 a5 10. O-O a4 11. Qa3 Qa5 12. Rac1 Qb4 13. Nb1 Qxa3 14. Nxa3 Bf5
15. Bxf5 gxf5 16. Ne5 Rfc8 17. Bxf6 Bxf6 18. Nd7 Kg7 19. Nb6 e6 20. Nxc8 Rxc8
21. Nb5 Be7 22. Rc2 Ra8 23. Rfc1 Ra5 24. Nc3 Bd6 25. f4 Kf6 26. Re2 Na7 27. Nd1
Ke7 28. Nf2 f6 29. Nd3 b6 30. a3 Kd7 31. Rec2 Rb5 32. Nb4 h5 33. g3 Kd8 34. Nd3
Kd7 35. Nb4 Kd8 36. Nd3 Kd7 37. Kg2 Rb3 38. Rc3 Rb5 39. Kh3 Ra5 40. Kh4 Nb5 41.
Rc8 Be7 42. Kxh5 Nd6 43. R1c7# 1-0

[Event "4NCL Division 2d"]
[Site "Barcelo Hotel, Hinkley Island "]
[Date "2012.04.01"]
[Round "8.38"]
[White "Edwards-Wright, Miles D"]
[Black "Haydon, Richard"]
[Result "1/2-1/2"]
[WhiteElo "1995"]
[BlackElo "2173"]
[PlyCount "54"]
[EventDate "2012.04.01"]

1. e4 g6 2. d4 c6 3. f4 Bg7 4. Nf3 d6 5. Bd3 d5 6. e5 Bg4 7. h3 Bxf3 8. Qxf3 e6
9. O-O Ne7 10. b3 Nd7 11. Ba3 Nf5 12. c3 h5 13. Nd2 Qb6 14. b4 Qc7 15. Nb3 b5
16. Bb2 Nb6 17. Nc5 Bf8 18. Rf2 a5 19. Ba3 Be7 20. g3 Nc4 21. Bxc4 dxc4 22.
bxa5 Rxa5 23. Bb4 Ra7 24. a4 O-O 25. Rfa2 Rfa8 26. a5 Bxc5 27. dxc5 Ne7 1/2-1/2

[Event "4NCL Division 2d"]
[Site "Barcelo Hotel, Hinkley Island "]
[Date "2012.04.01"]
[Round "8.41"]
[White "Jones, Richard S"]
[Black "Brown, Alan M"]
[Result "1-0"]
[WhiteElo "2395"]
[BlackElo "2135"]
[PlyCount "51"]
[EventDate "2012.04.01"]

1. e4 e6 2. d4 d5 3. Nc3 Bb4 4. e5 b6 5. a3 Bf8 6. Nf3 Ba6 7. Bxa6 Nxa6 8. Qd3
Nb8 9. Ne2 c6 10. O-O Ne7 11. Bd2 Ng6 12. c4 Be7 13. Rac1 O-O 14. cxd5 exd5 15.
Ng3 Qd7 16. Nf5 Rc8 17. h4 Qd8 18. h5 Nf8 19. Nxe7+ Qxe7 20. Bb4 Qd8 21. Bxf8
Qxf8 22. Ng5 g6 23. hxg6 fxg6 24. Qh3 h5 25. Rc3 Na6 26. Qd3 1-0

[Event "4NCL Division 2d"]
[Site "Barcelo Hotel, Hinkley Island "]
[Date "2012.04.01"]
[Round "8.42"]
[White "Smith, Graham M"]
[Black "Kett, Timothy J"]
[Result "1-0"]
[WhiteElo "2069"]
[BlackElo "2213"]
[PlyCount "115"]
[EventDate "2012.04.01"]

1. Nf3 d6 2. d4 Nf6 3. g3 g6 4. Bg2 Bg7 5. O-O O-O 6. c4 Nc6 7. Nc3 a6 8. Re1
Nd7 9. e3 Rb8 10. Nd2 e5 11. d5 Ne7 12. b4 f5 13. Qb3 Kh8 14. a4 g5 15. Ba3 Ng6
16. c5 e4 17. cxd6 cxd6 18. b5 Nc5 19. Bxc5 dxc5 20. Nc4 Qf6 21. Rac1 axb5 22.
Qxb5 Qa6 23. Qxc5 Bd7 24. Nb6 Rbc8 25. Nxc8 Rxc8 26. Qb4 Ne5 27. Nxe4 fxe4 28.
Rxc8+ Bxc8 29. Qe7 Qf6 30. Qe8+ Qf8 31. Qxf8+ Bxf8 32. Bxe4 Bd7 33. a5 Bb4 34.
Rb1 Bxa5 35. Rxb7 g4 36. h3 h5 37. hxg4 hxg4 38. Kg2 Kg8 39. f3 gxf3+ 40. Bxf3
Kf8 41. Bh5 Ke7 42. e4 Kf6 43. Kf2 Bd2 44. Be2 Bc1 45. Bb5 Bg4 46. Ba4 Nd3+ 47.
Kg2 Ke5 48. Re7+ Kd6 49. Re8 Be3 50. Rg8 Ne5 51. Bc2 Ke7 52. Rxg4 Nxg4 53. Kf3
Kf6 54. Kxg4 Ke5 55. Kh5 Kf6 56. g4 Bf4 57. Bb3 Ke5 58. g5 1-0

[Event "4NCL Division 2d"]
[Site "Barcelo Hotel, Hinkley Island "]
[Date "2012.04.01"]
[Round "8.43"]
[White "Spice, Alan P"]
[Black "Williamson, Kevin J"]
[Result "0-1"]
[WhiteElo "2129"]
[BlackElo "2083"]
[PlyCount "120"]
[EventDate "2012.04.01"]

1. Nc3 d5 2. e4 dxe4 3. Nxe4 Qd5 4. Qf3 c6 5. Nc3 Qxf3 6. Nxf3 Nf6 7. Bc4 Bf5
8. d3 e6 9. O-O Be7 10. Nh4 Bg6 11. Nxg6 hxg6 12. Bd2 Nbd7 13. Rfe1 O-O-O 14.
Rad1 Bd6 15. h3 Rh5 16. Ne4 Nxe4 17. dxe4 Ne5 18. Be2 Rhh8 19. Be3 c5 20. b4
cxb4 21. Bxa7 Nc6 22. Bb6 Bc7 23. Bc5 Ba5 24. Rxd8+ Rxd8 25. Rd1 Rxd1+ 26. Bxd1
g5 27. Be2 Bd8 28. Bf8 Bf6 29. Bh5 g6 30. Be2 Be7 31. Bxe7 Nxe7 32. Kf1 Kc7 33.
Bb5 Nc6 34. Ke1 Kb6 35. Ba4 Kc5 36. Kd2 b5 37. Bb3 Kd4 38. f3 Ne5 39. Ke2 Kc3
40. Ke3 Nc4+ 41. Ke2 Na3 42. Kd1 Kb2 43. Kd2 Nb1+ 44. Kd3 Nc3 45. Kd4 Nxa2 46.
Kc5 Kc3 47. Kxb5 Nc1 48. Ba4 Ne2 49. Kc5 Nf4 50. Be8 f6 51. e5 fxe5 52. g3 Nxh3
53. Bxg6 Ng1 54. Be4 Ne2 55. g4 Nd4 56. Kd6 Nxc2 57. Kxe6 b3 58. Bd5 b2 59. Ba2
Kd4 60. Kf5 Ne1 0-1

[Event "4NCL Division 2d"]
[Site "Barcelo Hotel, Hinkley Island "]
[Date "2012.04.01"]
[Round "8.44"]
[White "Malhotra, Tarun"]
[Black "Brown, Tom"]
[Result "0-1"]
[WhiteElo "1982"]
[BlackElo "2082"]
[PlyCount "68"]
[EventDate "2012.04.01"]

1. e4 c6 2. d4 d5 3. exd5 cxd5 4. Bd3 Nc6 5. c3 Qc7 6. Nf3 Bg4 7. h3 Bh5 8. Be3
Nf6 9. Nbd2 e6 10. b4 Bd6 11. Qa4 O-O 12. O-O e5 13. b5 e4 14. bxc6 exf3 15.
Nxf3 Bxf3 16. gxf3 bxc6 17. Rfb1 Qd7 18. Bf1 Nh5 19. Rb3 Qe6 20. Rab1 Ng3 21.
Bg2 Nf5 22. Re1 Nh4 23. Kh1 Nxf3 24. Bxf3 Qxh3+ 25. Kg1 Bh2+ 26. Kh1 Bf4+ 27.
Kg1 Qxf3 28. Bxf4 Qxf4 29. Qxc6 Rad8 30. Rb7 Rd6 31. Qc7 Qg4+ 32. Kf1 Rh6 33.
Qg3 Rh1+ 34. Kg2 Qxg3+ 0-1

[Event "4NCL Division 2d"]
[Site "Barcelo Hotel, Hinkley Island "]
[Date "2012.04.01"]
[Round "8.45"]
[White "Morris, Gareth L"]
[Black "Freeman, Richard CP"]
[Result "0-1"]
[WhiteElo "2105"]
[BlackElo "2028"]
[PlyCount "82"]
[EventDate "2012.04.01"]

1. Nf3 c5 2. c4 g6 3. g3 Bg7 4. Bg2 Nc6 5. Nc3 e5 6. d3 Nge7 7. h4 h6 8. Bd2 d6
9. a3 Be6 10. Rb1 Qd7 11. b4 Rd8 12. Na4 b6 13. b5 Nd4 14. Ng1 d5 15. e3 Ndf5
16. cxd5 Bxd5 17. e4 Ba8 18. Bf1 c4 19. exf5 Bxh1 20. fxg6 fxg6 21. dxc4 O-O
22. Be3 Qf5 23. Qb3 Kh7 24. Nc3 Qc8 25. Bh3 Qc7 26. h5 gxh5 27. Nge2 Kh8 28.
Rd1 Ba8 29. Rxd8 Rxd8 30. a4 Qb7 31. Kf1 Rd3 32. Qc2 Qh1+ 33. Ng1 e4 34. Nb1
Ng6 35. Bg2 Qh2 36. Nd2 h4 37. gxh4 Nxh4 38. Bxe4 Bxe4 39. Nxe4 Rxe3 40. Ne2
Qh1+ 41. Ng1 Qg2# 0-1